01914 2200361 4500001002100000005001500021035002000036007000300056008004100059020001800100082001400118084002000132100003600152245016000188250002000348300003900368700003000407700002600437700002600463502080700489600002001296600002301316264004301339336002101382337003001403338002301433990001601456990001601472990001601488990001601504990001601520990001601536INLIS00000000000029320260430021232 a0010-0426000292ta260430 b 0 ind  a9786231356109 a306.09598 a306.09598 JOG s0 aJogar Sauma PurinusaePengarang1 aSerial ragam pesona Nusantara Bali : Wayan berwisata ke pantai Jimbaran /cJogar Sauma Purinusa, Dian Mardianto ; editor, Tim hikam ; ilustrator, Tim hikam aCetakan Pertama a32 halaman :bilustrasi ;c23,5 cm0 aDian MardiantoePengarang0 aTim hikamePenyunting0 aTim hikameIlustrator aewasa ini kesadaran dari putra-putri komponen anak bangsa mulai terkikis dan teralihkan ke visual digital pesawat genggam, budaya dan alam Nusantara yang seharusnya dilestarikan dan dijaga, menunjukkan indikasi ke arah yang semakin menurun. Bangsa Indonesia merupakan negara dengan beragam budaya dan kekayaan alam, budaya-budaya lokal yang ada di Nusantara muncul dan eksis terlebih dulu, sedangkan budaya bangsa muncul setelahnya. Kekayaan budaya dan Alam Nusantara ini menjadi situs budaya leluhur yang bernilai tinggi dan wajib diwariskan ke setiap generasi Bangsa. Dengan demikian, sudah seharusnya sebagai generasi Bangsa wajib menjaga dan melestraikannya supaya Budaya dan Alam Nusantara tersebut menjadi situs turun temurun bagi Bangsa ini. semoga menginspirasi bagi kita semua, salam literasi. 4aFiksi indonesia 4aBacaan kanak-kanak aYogyakarta :bHikam media utama,c2023 2rdacontentaTeks 2rdamediaaTanpa Perantara 2rdacarrieraVolume aAT000544/25 aNM000598/25 aPT000802/25 aPP000946/25 aPP000952/25 aTT001095/25